Statistics for Australian cities multiple choice: Launceston

Click here to take the quiz!

General Stats

  • This quiz has been taken 30 times
  • The average score is 8 of 15

Answer Stats

QuestionAnswer% Correct
Launceston is the second largest city in which state?Tasmania
91%
What is Grindelwald?A replica Swiss village
73%
The South Esk River cuts through...Cataract Gorge
68%
Which brewery has been going strong in Launceston since 1881?James Boag
68%
Michael Norman, Ricky Ponting and David Boon, all born in Launceston, are famous for...playing cricket
68%
Which of these Launceston suburbs is built on a reclaimed swamp?Invermay
64%
Launceston is named after...Launceston, Cornwall, UK
64%
In what year did the first white settlers arrive in Launceston?1805
59%
A gift from their home country, what sort of animals have lived in City Park since 1980?Japanese macaque monkeys
59%
Launceston boasts the world's longest....single-span chairlift
45%
The oldest shop in Launceston is run by the National Trust. As well as souvenirs, they still sell the original merchandise, which is...Umbrellas
41%
Which of these museums is not in Launceston?Apple and Heritage Museum
36%
Launceston was the third city in the world to get what?Sewers
32%
The world's first what was produced in Launceston?X-ray
32%
What's at Home Point?ferry terminal
23%

Score Distribution

Percentile by Number Answered

Percent of People with Each Score

Your Score History

You have not taken this quiz